Planificacin̤ de recursos humanos en las administraciones pb︢licas gestin̤ y desarrollo de personas en tiempos de austeridad /

Detalles Bibliográficos
Autor principal: Rodrg̕uez Gurtubay, Alfredo
Formato: eBook
Lenguaje:español
Publicado: [Madrid] : Instituto Nacional de Administracin̤ Pb︢lica (INAP), 2013
Materias:
Acceso en línea:Acceso restringido

MARC

LEADER 00000nam a2200000 a 4500
005 20131217153834.0
007 cr |||||||||||
008 131210s2013 sp |||| s|||||0|| 0 spa|c
020 |a 9788470888793 
035 |a 11678 
040 |a vLex 
080 |a 64.011.34 
090 |c 4618  |d 4618 
100 1 |a Rodrg̕uez Gurtubay, Alfredo 
245 1 0 |a Planificacin̤ de recursos humanos en las administraciones pb︢licas  |h [Recurs electrn̤ico] :  |b gestin̤ y desarrollo de personas en tiempos de austeridad /  |c Alfredo Rodrg̕uez Gurtubay 
256 |a Servicio en ln̕ea 
260 |a [Madrid] :  |b Instituto Nacional de Administracin̤ Pb︢lica (INAP),  |c 2013 
300 |a 1 recurso electrn̤ico 
504 |a Referencias bibliogrf̀icas e n̕dice 
506 1 |a Contenido solo disponible en los productos indicados  |d vLex Global  |d vLex Global (Academic Edition, excluding Law Schools)  |d vLex Global (U.S. Academic Edition, Law Schools)  |d vLex Global (U.S. Academic Edition, excluding Law Schools)  |d vLex Global (Academic Edition, Law Schools) 
650 0 4 |a Recursos humanos  |x Planificacin̤ 
650 0 4 |a Administracin̤ pb︢lica 
740 0 |a vLex Libros (Servicio en ln̕ea) 
856 4 0 |z Acceso restringido  |u http://vlex.com/source/planificacion-recursos-humanos-administraciones-publicas-gestion-desarrollo-personas-tiempos-austeridad-11678 
942 |c BOOK 
999 0 |a Human capital 
999 0 |a Public administration